000 00353nam a2200121Ia 4500
008 171204s9999 xx 000 0 und d
100 _a--
245 _aHybrid Animation: Integrating 2D and 3D Assets:
245 _cTina O'Hailey
260 _c2015
650 _x2D COMPUTER ANIMATION
856 _uhttp://down.ebook777.com/057/1138857033_0415718708.pdf
999 _c346229
_d346229